00664nam a2200145 a 450000100100000000500170001000800410002704000250006808200160009310000330010924501180014226000720026030000280033250001580036000002824020200930031452.0110331s2001 dr a 000 0 spa d aDO-SdBNPbspacBNPHU axxxxbG934c1 aGuerrero Prats R., Francisco10aCrecimiento con estabilidad y equidad :brelanzamiento de la economía dominicana /cFrancisco Guerrero Prats R. aSanto Domingo :bBanco Central de la República Dominicana,c2001. a28 p :bgraf. ;c29 cm. aDisertación ofrecida ante al Cámara America de Comercio de la República Dominicana por el gobernador del Banco Central, Francisco M. Guerrero Prats